|
|
|
|
| LEADER |
00927nam a22002772a 4500 |
| 001 |
001774587 |
| 003 |
CZ BrMZK |
| 005 |
20201023113213.0 |
| 007 |
ta |
| 008 |
201023s1970 fr er|||||||||||eng d |
| 040 |
|
|
|a ABD013
|b cze
|d BOA001
|
| 080 |
|
|
|a 556.3
|2 MRF
|
| 245 |
0 |
0 |
|a Textbooks on hydrology :
|b analyses and synoptic tables of contents of selected textbooks
|
| 260 |
|
|
|a Paris :
|b UNESCO,
|c 1970
|
| 300 |
|
|
|a 185 s.
|
| 490 |
1 |
|
|a Technical papers in hydrology ;
|v 6
|
| 500 |
|
|
|a A contribution to the International Hydrological Decade
|
| 650 |
0 |
7 |
|a hydrogeologie
|7 ph120972
|2 czenas
|
| 655 |
|
7 |
|a učebnice
|7 fd133770
|2 czenas
|
| 655 |
|
7 |
|a bibliografie
|7 fd131898
|2 czenas
|
| 710 |
2 |
|
|a UNESCO
|7 kn20010711459
|
| 830 |
|
0 |
|a Technical papers in hydrology
|
| 910 |
|
|
|a BOA001
|b 3-0666.099
|
| 990 |
|
|
|a BK
|
| 991 |
|
|
|b 202010
|
| 996 |
7 |
|
|b 2618895202
|c 3-0666.099
|l MZK
|r Sklad / do 1 hodiny
|n 0
|w 001832268
|u 000010
|a 1
|e BOA001
|j MZK50
|s A
|